000 02224nam a2200481 i 4500
001 21583
003 CZ PrNK
005 20260306123454.0
007 ta
008 210526s2021 xr a b 000 j cze
015 _acnb003325290
020 _a9788025351611
_q(vázáno) :
_cKč 169,00
035 _a(OCoLC)1263269836
040 _aABG001
_bcze
_dABA001
_erda
041 1 _acze
_heng
072 7 _a821.111-3
_xAnglická próza, anglicky psaná
_2Konspekt
072 7 _a821-93
_xLiteratura pro děti a mládež (beletrie)
_2Konspekt
080 _a821.111-32
_2MRF
080 _a821-93
_2MRF
080 _a(0:82-32)
_2MRF
100 1 _aSmall, Lily
_4aut
240 1 0 _aSophie the Squirrel.
_lČesky
245 1 0 _aZvířátka z Kouzelného lesa.
_pVeverka Viki /
_cLily Small ; z anglického originálu Fairy animals of Misty wood - Sophie the Squirrel přeložila Alžběta Kalinová
246 3 0 _aVeverka Viki
250 _a2. vydání
264 1 _aPraha :
_bFragment,
_c2021
300 _a111 stran :
_bilustrace ;
_c20 cm
336 _atext
_btxt
_2rdacontent
337 _abez média
_bn
_2rdamedia
338 _asvazek
_bnc
_2rdacarrier
520 2 _aDalší knížka fantazijních pohádek o Kouzelném lese a zvířátkách s čarovnými schopnostmi. Tentokrát je hlavní hrdinkou veverčí tanečnice Viki. Určeno zejména dívkám od 5 let.
_bV Kouzelném lese se bude konat pouť. Veverka Viki by měla společně se svými kamarádkami zatančit zahajovací tanec, jenže nacvičování se nějak nedaří. Viki má pocit, že je to její chyba. Přijde jí na pomoc některý ze zvířecích kamarádů, nebo si bude muset poradit sama? Laskavý příběh pro nejmenší čtenáře o tom, že pomáhat je krásné. Nakladatelská anotace.
521 8 _aPro děti od 5 let
655 7 _aanglicky psané příběhy
_2czenas
655 7 _apublikace pro děti
_2czenas
655 9 _astories in English
_2eczenas
655 9 _achildren's literature
_2eczenas
700 1 _aKalinová, Alžběta
_4trl
765 1 _tFairy animals of Misty wood
787 0 8 _iZ cyklu:
_tZvířátka z Kouzelného lesa
_g6
901 _b9788025351611
_f2. vydání
_o20210720
910 _aABA001
942 _2ddc
_cKLDE
_n0
999 _c21583
_d21583